Normal view
MARC view
- Ken, Ning
Entry Personal Name
001 - CONTROL NUMBER
- control field: 88741
003 - CONTROL NUMBER IDENTIFIER
- control field: NUST
005 - DATE AND TIME OF LATEST TRANSACTION
- control field: 20220203101914.0
008 - FIXED-LENGTH DATA ELEMENTS
- fixed length control field: 220203|| aca||aabn | a|a d
040 ## - CATALOGING SOURCE
- Original cataloging agency: NUST
- Transcribing agency: NUST
100 ## - HEADING--PERSONAL NAME
- Personal name: Ken, Ning
670 ## - SOURCE DATA FOUND
- Source citation: Work cat.: (NUST): Ken, Ning, Zhongguancun Notes, 2019
